[Event "VI Open Inverno Vomero"]
[Site "Napoli ITA"]
[Date "2011.01.14"]
[Round "1"]
[White "Improta, Giovanni"]
[Black "Rosato, Luciano"]
[Result "0-1"]
[WhiteElo "1859"]
[BlackElo "2278"]
[PlyCount "86"]
[EventDate "2011.01.14"]

1. e4 d6 2. d4 g6 3. Be3 Bg7 4. Qd2 a6 5. c4 Nc6 6. Be2 Nf6 7. f3 O-O 8. Nc3 e5
9. d5 Nd4 10. Bd3 c5 11. Nge2 Rb8 12. Ng3 b5 13. b3 Qa5 14. O-O h5 15. Nce2
Qxd2 16. Bxd2 Kh7 17. Nxd4 cxd4 18. Bb4 Rd8 19. cxb5 axb5 20. Rac1 Bh6 21. Rc6
Ne8 22. Ne2 Be3+ 23. Kh1 g5 24. Ng3 Kg6 25. Rd1 g4 26. Nf5 Bxf5 27. exf5+ Kg5
28. fxg4 hxg4 29. Rf1 f6 30. Rb1 Rb7 31. Rb2 g3 32. h3 Kf4 33. Rbc2 e4 34. Bf1
d3 35. Rb2 Rc7 36. Ba5 Rxc6 37. dxc6 Rc8 38. Bd2 Rxc6 39. Bxe3+ Kxe3 40. a4 Rc1
41. Kg1 d2 42. Rxd2 Kxd2 43. axb5 e3 0-1

[Event "VI Open Inverno Vomero"]
[Site "Napoli ITA"]
[Date "2011.01.14"]
[Round "1"]
[White "Ficco, Corrado"]
[Black "De Meo, Guido"]
[Result "1-0"]
[WhiteElo "2130"]
[BlackElo "1851"]
[PlyCount "81"]
[EventDate "2011.01.14"]

1. e4 c5 2. Nf3 d6 3. d4 cxd4 4. Qxd4 a6 5. c4 Nc6 6. Qd2 Nf6 7. Nc3 Bg4 8. Be2
e6 9. h3 Bh5 10. b3 Be7 11. Bb2 O-O 12. O-O Bg6 13. Bd3 Nb4 14. Bb1 Qc7 15. Re1
Rfd8 16. a3 Nc6 17. Ba2 h6 18. Rac1 Qb8 19. Qe2 Nd7 20. b4 Bf6 21. Rcd1 Nde5
22. Nxe5 Bxe5 23. Nb1 Bxb2 24. Qxb2 Qc7 25. Nd2 Ne5 26. Qd4 Rd7 27. f4 Nc6 28.
Qf2 Rad8 29. f5 exf5 30. exf5 Bh7 31. f6 g5 32. Nf3 Bg6 33. Rd5 Rc8 34. Qd2 Qd8
35. b5 axb5 36. cxb5 Na5 37. Qd4 Rc2 38. Bb1 Rc4 39. Qe3 Bxb1 40. Rxb1 Qxf6 41.
Qe8+ 1-0

[Event "VI Open Inverno Vomero"]
[Site "Napoli ITA"]
[Date "2011.01.14"]
[Round "1"]
[White "Esposito, Rosario"]
[Black "Supino, Domenico"]
[Result "1/2-1/2"]
[WhiteElo "1833"]
[BlackElo "2109"]
[PlyCount "58"]
[EventDate "2011.01.14"]

1. d4 Nf6 2. c4 g6 3. Nc3 Bg7 4. e4 d6 5. f3 O-O 6. Be3 Nbd7 7. Qd2 e5 8. d5
Ne8 9. O-O-O a5 10. Bd3 Nc5 11. Bc2 Bd7 12. g4 a4 13. h4 f6 14. Nge2 c6 15.
Bxc5 cxd5 16. Qxd5+ Rf7 17. Be3 Bc6 18. Qd2 Qa5 19. Nd5 Qd8 20. Ng3 b5 21. Nb6
Rb8 22. c5 Rfb7 23. Ne2 Bf8 24. Nc3 Be7 25. Nbd5 dxc5 26. Nxe7+ Qxe7 27. Nd5
Qf8 28. g5 c4 29. Qb4 Qf7 1/2-1/2

[Event "VI Open Inverno Vomero"]
[Site "Napoli ITA"]
[Date "2011.01.14"]
[Round "1"]
[White "Marturano, Giampiero"]
[Black "Cerrato, Roberto"]
[Result "1/2-1/2"]
[WhiteElo "2068"]
[BlackElo "1822"]
[PlyCount "64"]
[EventDate "2011.01.14"]

1. e4 e6 2. d4 d5 3. e5 c5 4. c3 Qb6 5. Nf3 Bd7 6. Bd3 Bb5 7. O-O Bxd3 8. Qxd3
Ne7 9. dxc5 Qxc5 10. Be3 Qc7 11. Na3 a6 12. c4 Nbc6 13. cxd5 Nxd5 14. Rac1 Be7
15. Nc4 O-O 16. Ng5 Bxg5 17. Bxg5 h6 18. Bh4 Nf4 19. Qe4 Ng6 20. Bg3 Rfe8 21.
Nd6 Qb6 22. Rfd1 Qxb2 23. Rb1 Qxa2 24. Rxb7 Nce7 25. h4 h5 26. Qf3 Rf8 27. Qxh5
Qc2 28. Qg4 Nf5 29. h5 Nxg3 30. fxg3 Nxe5 31. Qd4 Nc6 32. Qg4 Ne5 1/2-1/2

[Event "VI Open Inverno Vomero"]
[Site "Napoli ITA"]
[Date "2011.01.14"]
[Round "1"]
[White "Avolio, Giovanni"]
[Black "Longobardi, Giuseppe"]
[Result "0-1"]
[WhiteElo "1808"]
[BlackElo "2033"]
[PlyCount "80"]
[EventDate "2011.01.14"]

1. c4 c5 2. Nc3 Nc6 3. Nf3 Nf6 4. g3 g6 5. Bg2 Bg7 6. O-O O-O 7. d4 cxd4 8.
Nxd4 Qb6 9. Nb3 d6 10. Be3 Qd8 11. Rc1 Be6 12. Nd5 Ng4 13. Bd2 Bxb2 14. h3 Bxc1
15. Qxc1 Nf6 16. Bh6 Re8 17. Qb2 Rb8 18. Bg5 Ne5 19. Qd4 Bxd5 20. cxd5 Qb6 21.
Qf4 Ned7 22. e3 Rbc8 23. Nd4 Rc4 24. g4 Qc5 25. Bxf6 Nxf6 26. Qg5 Kh8 27. Nb3
Qb6 28. Rd1 Rec8 29. Bf3 Ng8 30. e4 Rc2 31. Rd2 Qc7 32. Qe3 Rxd2 33. Qxd2 Qc3
34. Qf4 a5 35. g5 a4 36. Nd2 Qc1+ 37. Kg2 Rc2 38. Qxf7 Qxd2 39. Bg4 Qxg5 40.
Kh2 Qf6 0-1

[Event "VI Open Inverno Vomero"]
[Site "Napoli ITA"]
[Date "2011.01.14"]
[Round "1"]
[White "Borrelli, Salvatore"]
[Black "Vannini, Aldo"]
[Result "1-0"]
[WhiteElo "1973"]
[BlackElo "1808"]
[PlyCount "91"]
[EventDate "2011.01.14"]

1. Nf3 d5 2. d4 e6 3. Bf4 Nf6 4. e3 c6 5. Nbd2 Bd6 6. Bxd6 Qxd6 7. Ne5 Nbd7 8.
f4 a6 9. Bd3 c5 10. c3 c4 11. Bc2 b5 12. O-O Nb6 13. e4 Qc7 14. Qf3 Bb7 15. Qg3
g6 16. Qg5 Qe7 17. Rae1 dxe4 18. Nxe4 Nxe4 19. Qxe7+ Kxe7 20. Bxe4 Bxe4 21.
Rxe4 Nd5 22. Nf3 Kd6 23. Ng5 Raf8 24. a4 h6 25. Nf3 Rb8 26. Ne5 Rhf8 27. axb5
axb5 28. Ra1 Rb7 29. g3 Ke7 30. Ra5 Rc8 31. Re2 h5 32. Kf2 Kf6 33. Nf3 Rc6 34.
Nd2 b4 35. Ne4+ Kg7 36. Nc5 Rbb6 37. Na4 Ra6 38. Rc5 Rxc5 39. Nxc5 Rb6 40. Rc2
b3 41. Rc1 Rb5 42. Ra1 Kf6 43. Nd7+ Kf5 44. Ne5 Nb6 45. Nxf7 Ke4 46. Nd6+ 1-0

[Event "VI Open Inverno Vomero"]
[Site "Napoli ITA"]
[Date "2011.01.14"]
[Round "1"]
[White "Zinnai, Graziano Matteo"]
[Black "Di Meo, Antonio"]
[Result "1/2-1/2"]
[WhiteElo "1807"]
[BlackElo "1966"]
[PlyCount "106"]
[EventDate "2011.01.14"]

1. e4 c6 2. d3 d5 3. Nd2 dxe4 4. dxe4 g6 5. Ngf3 Bg7 6. c3 Nf6 7. Be2 O-O 8.
O-O Qc7 9. Qc2 Nbd7 10. Re1 Rd8 11. Nf1 e5 12. Ng3 Nf8 13. h3 Ne6 14. Be3 b6
15. Rad1 Bb7 16. Qa4 c5 17. Ng5 Nxg5 18. Bxg5 Bc6 19. Bb5 Bxb5 20. Qxb5 Rxd1
21. Rxd1 Rd8 22. Qb3 Rxd1+ 23. Qxd1 Qd7 24. Qxd7 Nxd7 25. f3 c4 26. Nf1 Bf8 27.
Ne3 Bc5 28. Kf2 f6 29. Bh4 Kf7 30. Ke2 Bxe3 31. Kxe3 Nc5 32. Bg3 Na4 33. b3
cxb3 34. axb3 Nxc3 35. Kd3 Nb5 36. Kc4 Nc7 37. Bf2 Ke6 38. b4 h6 39. b5 Kd6 40.
h4 Ne6 41. g3 f5 42. Be3 f4 43. gxf4 Nxf4 44. Bxf4 exf4 45. Kd4 g5 46. hxg5
hxg5 47. e5+ Ke7 48. Kd3 Kf7 49. Ke4 Ke6 50. Kd4 Kf7 51. Kd3 Ke7 52. Kd4 Kd7
53. Kd3 Ke7 1/2-1/2

[Event "VI Open Inverno Vomero"]
[Site "Napoli ITA"]
[Date "2011.01.14"]
[Round "1"]
[White "Cosenza, Gianni"]
[Black "Lombardo, Claudio"]
[Result "1/2-1/2"]
[WhiteElo "1959"]
[BlackElo "1772"]
[PlyCount "64"]
[EventDate "2011.01.14"]

1. e4 c5 2. Nf3 e6 3. d4 cxd4 4. Nxd4 a6 5. Bd3 Qc7 6. O-O Nc6 7. c3 Nf6 8. f4
d6 9. Kh1 Be7 10. Be3 b5 11. Nd2 Bb7 12. Rc1 Rc8 13. Qe2 O-O 14. Bg1 Nxd4 15.
Bxd4 e5 16. Be3 d5 17. exd5 Nxd5 18. fxe5 Qxe5 19. Bd4 Qxe2 20. Bxe2 Bg5 21.
Rcd1 Ne3 22. Bxe3 Bxe3 23. Bf3 Bxf3 24. Nxf3 Rcd8 25. Nd4 Bxd4 26. cxd4 Rd5 27.
Rd2 Rfd8 28. Rfd1 f5 29. g3 g5 30. Kg2 Kg7 31. Kf3 Kf6 32. b3 h6 1/2-1/2

[Event "VI Open Inverno Vomero"]
[Site "Napoli ITA"]
[Date "2011.01.14"]
[Round "1"]
[White "Gallina, Giacomo"]
[Black "Schiappoli, Dario"]
[Result "0-1"]
[WhiteElo "1703"]
[BlackElo "1947"]
[PlyCount "90"]
[EventDate "2011.01.14"]

1. e4 c5 2. Nc3 Nc6 3. Bc4 e6 4. f4 g6 5. Nf3 Bg7 6. d3 Nge7 7. Bb3 O-O 8. O-O
d5 9. Qe1 b5 10. a4 b4 11. Ne2 dxe4 12. dxe4 Ba6 13. Kh1 Na5 14. Ba2 Nec6 15.
Be3 Qe7 16. Qf2 Nd4 17. Nfxd4 cxd4 18. Bd2 Nc4 19. Bxc4 Bxc4 20. b3 Ba6 21. e5
Rfd8 22. Rfd1 Bxe2 23. Qxe2 Qc5 24. Qd3 a5 25. Re1 Rac8 26. Rac1 Qd5 27. Re2 g5
28. h3 gxf4 29. Bxf4 Rc3 30. Qd1 Rxh3+ 31. Kg1 Rh4 32. Qf1 Rg4 33. Rd1 Qc5 34.
Rd3 Rd5 35. Qf3 h5 36. Rf2 Qe7 37. Re2 f6 38. exf6 Qxf6 39. Rf2 Rf5 40. Qa8+
Kh7 41. Qe4 e5 42. Bxe5 Rxe4 43. Bxf6 Re1+ 44. Kh2 Rxf2 45. Bh4 Be5+ 0-1

[Event "VI Open Inverno Vomero"]
[Site "Napoli ITA"]
[Date "2011.01.14"]
[Round "1"]
[White "Chiummo, Sergio"]
[Black "Parente, Giuseppe"]
[Result "0-1"]
[WhiteElo "1937"]
[BlackElo "1703"]
[PlyCount "28"]
[EventDate "2011.01.14"]

1. c4 c5 2. Nf3 Nf6 3. g3 g6 4. Bg2 Bg7 5. Nc3 d6 6. d3 O-O 7. O-O Bg4 8. Qc2
Qd7 9. Bg5 Nc6 10. e3 Nb4 11. Qb1 Bxf3 12. Bxf6 Bxg2 13. Bxg7 Qh3 14. Ne2 e5
0-1

[Event "VI Open Inverno Vomero"]
[Site "Napoli ITA"]
[Date "2011.01.14"]
[Round "1"]
[White "Miccoli, Livio"]
[Black "Franzese, Luigi"]
[Result "0-1"]
[WhiteElo "1678"]
[BlackElo "1890"]
[PlyCount "130"]
[EventDate "2011.01.14"]

1. e4 c5 2. Nc3 Nc6 3. Nge2 d6 4. g3 Nf6 5. Bg2 e6 6. d3 Be7 7. O-O O-O 8. Be3
a6 9. h3 Qc7 10. Qd2 b5 11. f4 Bd7 12. g4 Rac8 13. Rf2 b4 14. Nd1 d5 15. g5 d4
16. gxf6 dxe3 17. Qxe3 Bxf6 18. Qxc5 Be7 19. Qe3 Na5 20. Rc1 Bc5 21. d4 Nc4 22.
Qd3 Bb6 23. b3 Nd6 24. c4 bxc3 25. Ndxc3 Qa7 26. Kh2 Nb5 27. Rd1 Rc7 28. Nxb5
Bxb5 29. Qd2 Rfc8 30. Bf3 Rc2 31. Qe1 Rxa2 32. Ng3 Rcc2 33. Ne2 Bxe2 34. Rxe2
Bxd4 35. Qf2 Rxe2 36. Bxe2 e5 37. fxe5 Bxe5+ 38. Kh1 Qa8 39. Qf5 Rxe2 40. Qxe5
Rxe4 41. Rd8+ Qxd8 42. Qxe4 g6 43. Qb7 Qd1+ 44. Kg2 Qe2+ 45. Kg3 Qd3+ 46. Kg2
Qb5 47. Qc8+ Kg7 48. Qc3+ Kh6 49. b4 Qe2+ 50. Kg3 Qe7 51. Qc5 Qg5+ 52. Kh2 Qf4+
53. Kg2 Kg7 54. Qe7 h5 55. Qb7 h4 56. Qc8 Qxb4 57. Qxa6 Qe4+ 58. Kg1 Qe3+ 59.
Kg2 Qg3+ 60. Kf1 Qxh3+ 61. Ke2 Qg2+ 62. Ke3 Qg1+ 63. Kf4 h3 64. Qc6 Qf2+ 65.
Kg5 Qg3# 0-1

[Event "VI Open Inverno Vomero"]
[Site "Napoli ITA"]
[Date "2011.01.14"]
[Round "1"]
[White "Caiazzo, Diego"]
[Black "Di Gennaro, Antonio"]
[Result "1-0"]
[WhiteElo "1863"]
[BlackElo "1659"]
[PlyCount "97"]
[EventDate "2011.01.14"]

1. Nf3 Nf6 2. b3 e6 3. Bb2 Nc6 4. e3 Be7 5. Be2 O-O 6. O-O d6 7. d4 b6 8. c4 d5
9. Nc3 Bb7 10. cxd5 exd5 11. Rc1 Re8 12. Bb5 a6 13. Be2 b5 14. Qc2 Bd6 15. h3
Bf8 16. Rfd1 Ne4 17. Nxe4 dxe4 18. Ne5 Nxe5 19. dxe5 Qe7 20. Qxc7 Rac8 21. Qxe7
Rxe7 22. Rxc8 Bxc8 23. Rd8 Bd7 24. Ba3 Re8 25. Rxe8 Bxe8 26. Bb2 Bd7 27. Kf1
Bb4 28. a3 Ba5 29. b4 Bc7 30. Ke1 Kf8 31. Kd2 g6 32. Bd4 h5 33. Bc5+ Ke8 34.
Bd6 Bxd6 35. exd6 Bc6 36. Kc3 Kd7 37. Kd4 Kxd6 38. Bd1 Bb7 39. Bb3 Ke7 40. Bd5
Bxd5 41. Kxd5 f5 42. Kc6 Ke6 43. Kb6 Kd5 44. Kxa6 Kc4 45. Kb6 g5 46. g3 f4 47.
gxf4 gxf4 48. exf4 Kd3 49. f5 1-0

[Event "VI Open Inverno Vomero"]
[Site "Napoli ITA"]
[Date "2011.01.14"]
[Round "1"]
[White "Morace, Vitaliano"]
[Black "Taurisano, Vincenzo"]
[Result "0-1"]
[WhiteElo "1607"]
[BlackElo "1863"]
[PlyCount "96"]
[EventDate "2011.01.14"]

1. e4 c6 2. d4 d5 3. Nc3 dxe4 4. Nxe4 Nd7 5. Nf3 Ngf6 6. Bd3 Nxe4 7. Bxe4 Nf6
8. Qd3 Nxe4 9. Qxe4 Qd5 10. Qxd5 cxd5 11. Bf4 e6 12. O-O Be7 13. Rfe1 O-O 14.
c3 Rd8 15. Ne5 a6 16. a4 f6 17. Nd3 Kf7 18. Re3 Bd6 19. Bxd6 Rxd6 20. Rc1 b5
21. b3 bxa4 22. bxa4 Rb8 23. Ree1 a5 24. Rb1 Rdb6 25. Rxb6 Rxb6 26. Nc5 Rb2 27.
Rc1 Ke7 28. f4 Kd6 29. g4 e5 30. fxe5+ fxe5 31. g5 e4 32. c4 Bf5 33. Rc3 Rb4
34. cxd5 Kxd5 35. Nb3 Rc4 36. Rxc4 Kxc4 37. Nxa5+ Kxd4 38. Nc6+ Kc5 39. Ne7 Bd7
40. Kf2 Kd6 41. a5 Kxe7 42. Ke3 Bc6 43. h4 Kd6 44. Kd4 g6 45. a6 Ba8 46. a7 Bc6
47. Ke3 Ke5 48. Kd2 Kf4 0-1

[Event "VI Open Inverno Vomero"]
[Site "Napoli ITA"]
[Date "2011.01.14"]
[Round "1"]
[White "Esposito, Pino"]
[Black "Russo Spena, Vincenzo"]
[Result "1-0"]
[WhiteElo "1859"]
[BlackElo "1409"]
[PlyCount "51"]
[EventDate "2011.01.14"]

1. e4 g6 2. d4 d6 3. f4 Nd7 4. Nf3 Bg7 5. Nc3 c5 6. Be3 e5 7. dxc5 dxc5 8. fxe5
b6 9. Qd5 Rb8 10. Bc4 Qe7 11. Nb5 Bb7 12. Nd6+ Kf8 13. Nxb7 Nxe5 14. Nxe5 Bxe5
15. O-O Rxb7 16. Rxf7+ Qxf7 17. Qd8+ Kg7 18. Bxf7 Nf6 19. Bh6+ Kxf7 20. Qxh8
Ke6 21. Qc8+ Rd7 22. Rd1 Bd4+ 23. Kf1 Nxe4 24. c3 Nd6 25. Re1+ Be5 26. Rxe5+
1-0

[Event "VI Open Inverno Vomero"]
[Site "Napoli ITA"]
[Date "2011.01.21"]
[Round "2"]
[White "Rosato, Luciano"]
[Black "Caiazzo, Diego"]
[Result "1-0"]
[WhiteElo "2278"]
[BlackElo "1863"]
[PlyCount "63"]
[EventDate "2011.01.14"]

1. d4 d5 2. c4 c6 3. e3 Nf6 4. Nc3 e6 5. Nf3 Be7 6. b3 O-O 7. Bd3 Nbd7 8. O-O
b6 9. Bb2 Bb7 10. Qc2 Rc8 11. Ne5 h6 12. f4 dxc4 13. bxc4 c5 14. Kh1 cxd4 15.
exd4 Qc7 16. Nb5 Qb8 17. Qe2 Qa8 18. Nxd7 Nxd7 19. f5 e5 20. d5 Nc5 21. Bc2 f6
22. a4 a6 23. Nc3 Rfd8 24. Rf3 Kf7 25. Rg3 Bf8 26. Qh5+ Ke7 27. Ba3 Re8 28. Ne4
Kd8 29. Bxc5 bxc5 30. a5 Re7 31. Ba4 Rec7 32. Qe8# 1-0

[Event "VI Open Inverno Vomero"]
[Site "Napoli ITA"]
[Date "2011.01.21"]
[Round "2"]
[White "Longobardi, Giuseppe"]
[Black "Esposito, Pino"]
[Result "1-0"]
[WhiteElo "2033"]
[BlackElo "1859"]
[PlyCount "113"]
[EventDate "2011.01.14"]

1. Nf3 Nf6 2. c4 c6 3. g3 d5 4. cxd5 cxd5 5. Bg2 Nc6 6. d4 e6 7. O-O Bd6 8. Nc3
a6 9. Bg5 h6 10. Bxf6 Qxf6 11. e4 dxe4 12. Nxe4 Qd8 13. Nxd6+ Qxd6 14. Qd2 O-O
15. Rfd1 Rd8 16. Rac1 Rb8 17. a3 Bd7 18. Qc3 Rdc8 19. Qc5 Qf8 20. Qb6 Qd8 21.
Qxd8+ Nxd8 22. Ne5 Ba4 23. Re1 Bb5 24. d5 f6 25. Ng4 Bd7 26. Ne3 Rxc1 27. Rxc1
Rc8 28. Rd1 Kf7 29. Bh3 Ke8 30. Re1 Kf7 31. Bg4 g6 32. h4 h5 33. Bf3 Rc5 34.
Rd1 e5 35. Kg2 Ba4 36. Rd2 b6 37. Be2 Bb3 38. Bxa6 b5 39. Rd3 Bc4 40. Nxc4 bxc4
41. Rc3 Ke7 42. Bxc4 Kd6 43. b4 Rc7 44. Rc2 Ra7 45. Ra2 Rc7 46. Bb3 e4 47. a4
Rc3 48. Rb2 Nf7 49. a5 Ne5 50. Rb1 Nd7 51. b5 Nc5 52. a6 Kc7 53. d6+ Kb6 54.
Bf7 Rd3 55. Ra1 Nxa6 56. bxa6 Ka7 57. Bxg6 1-0

[Event "VI Open Inverno Vomero"]
[Site "Napoli ITA"]
[Date "2011.01.21"]
[Round "2"]
[White "Schiappoli, Dario"]
[Black "Sparice, Lorenzo"]
[Result "1-0"]
[WhiteElo "1947"]
[BlackElo "1380"]
[PlyCount "37"]
[EventDate "2011.01.14"]

1. e4 e6 2. Nf3 Nc6 3. d4 b6 4. Be2 a6 5. O-O Bb7 6. a3 Nb8 7. Nc3 Nf6 8. e5
Nd5 9. Qd3 c5 10. Nxd5 Bxd5 11. c4 Bb7 12. d5 Be7 13. Be3 f6 14. d6 Bf8 15. Ng5
g6 16. Nxh7 Kf7 17. Nxf6 Bg7 18. Bg5 Kf8 19. Qxg6 1-0

[Event "VI Open Inverno Vomero"]
[Site "Napoli ITA"]
[Date "2011.01.21"]
[Round "2"]
[White "Parente, Giuseppe"]
[Black "Marturano, Giampiero"]
[Result "0-1"]
[WhiteElo "1703"]
[BlackElo "2068"]
[PlyCount "78"]
[EventDate "2011.01.14"]

1. Nf3 c5 2. c4 g6 3. g3 Bg7 4. Bg2 Nc6 5. O-O e6 6. d3 Nge7 7. Qc2 O-O 8. Nbd2
d6 9. a3 b6 10. Rb1 Bb7 11. b3 Qc7 12. Bb2 e5 13. e3 f5 14. Ng5 Nd8 15. Bxb7
Qxb7 16. f4 Nec6 17. Ngf3 Ne6 18. b4 cxb4 19. axb4 Nxb4 20. Qb3 a5 21. c5 d5
22. cxb6 Nc5 23. Qc3 Rac8 24. d4 Ncd3 25. Qb3 exf4 26. exf4 Qxb6 27. Ba3 Rfe8
28. Ne5 Bxe5 29. Bxb4 Nxb4 30. fxe5 Re7 31. Rfc1 Rec7 32. Qb2 Qb5 33. Rxc7 Rxc7
34. Rc1 Rb7 35. Rc5 Qe2 36. Qc3 Nd3 37. Rc8+ Kg7 38. Rc7+ Rxc7 39. Qxc7+ Kh6
0-1

[Event "VI Open Inverno Vomero"]
[Site "Napoli ITA"]
[Date "2011.01.21"]
[Round "2"]
[White "Supino, Domenico"]
[Black "Accardo, Francesco"]
[Result "1-0"]
[WhiteElo "2109"]
[BlackElo "1845"]
[PlyCount "73"]
[EventDate "2011.01.14"]

1. e4 e6 2. d4 a6 3. Nf3 b5 4. a4 b4 5. Be3 Nf6 6. Bd3 Bb7 7. Nbd2 a5 8. h3 Na6
9. c4 c5 10. d5 Qb6 11. e5 Ng8 12. d6 O-O-O 13. Ng5 Nh6 14. Nge4 Kb8 15. Bxh6
gxh6 16. Qh5 Rg8 17. Rg1 f5 18. Ng3 Rg5 19. Qe2 f4 20. Nge4 Rxe5 21. Nf3 Bxd6
22. Nxe5 Bxe5 23. Nc3 Bh8 24. Nb5 d5 25. O-O-O b3 26. Rge1 e5 27. cxd5 Nb4 28.
d6 Bxg2 29. Bxh7 c4 30. Qxc4 Rc8 31. Nc7 Bxh3 32. Be4 Bd7 33. Qxb3 Bf6 34. Kb1
Qxf2 35. Na6+ Ka7 36. Nxb4 Rb8 37. Qf7 1-0

[Event "VI Open Inverno Vomero"]
[Site "Napoli ITA"]
[Date "2011.01.21"]
[Round "2"]
[White "Di Meo, Antonio"]
[Black "Cosenza, Gianni"]
[Result "1/2-1/2"]
[WhiteElo "1966"]
[BlackElo "1959"]
[PlyCount "58"]
[EventDate "2011.01.14"]

1. b3 d5 2. Bb2 Bg4 3. d3 c5 4. Nd2 Nf6 5. Ngf3 Nc6 6. e3 e6 7. Be2 Bd6 8. O-O
O-O 9. Ne1 Bxe2 10. Qxe2 e5 11. c4 d4 12. e4 Nd7 13. Bc1 Qe7 14. g3 f5 15. exf5
Rxf5 16. Ne4 Bc7 17. Ng2 Re8 18. Bd2 Bd8 19. f4 exf4 20. Rxf4 Rxf4 21. Nxf4 Nf6
22. Nxf6+ gxf6 23. Qxe7 Rxe7 24. Kf2 Kf7 25. Re1 Ne5 26. h3 Rd7 27. Ke2 Rd6 28.
Rb1 Ra6 29. Rb2 Ba5 1/2-1/2

[Event "VI Open Inverno Vomero"]
[Site "Napoli ITA"]
[Date "2011.01.21"]
[Round "2"]
[White "Cerrato, Roberto"]
[Black "Zinnai, Graziano Matteo"]
[Result "1-0"]
[WhiteElo "1822"]
[BlackElo "1807"]
[PlyCount "91"]
[EventDate "2011.01.14"]

1. c4 c6 2. Nf3 d5 3. g3 Nf6 4. Bg2 h6 5. O-O Bf5 6. d3 Nbd7 7. Nc3 e6 8. Re1
Qc7 9. e4 dxe4 10. dxe4 Bh7 11. Qe2 Bb4 12. e5 Bxc3 13. bxc3 Ne4 14. Ba3 Nxc3
15. Qd2 Ne4 16. Rxe4 Bxe4 17. Bd6 Qb6 18. Qf4 Bh7 19. Qh4 Qd8 20. Qg4 g5 21.
Nd4 Nf8 22. Rd1 Qb6 23. h4 O-O-O 24. hxg5 hxg5 25. Qxg5 Bg6 26. c5 Qa6 27. Qe7
Nd7 28. Bf3 Rde8 29. Qg5 Rhg8 30. Qd2 f6 31. Be2 Qa4 32. exf6 Nxf6 33. Bf3 e5
34. Ne2 e4 35. Bg2 Bf5 36. Nc3 Qc4 37. Qf4 Qe6 38. Bb8 Re7 39. Rd6 Qe5 40. Rd8+
Rxd8 41. Bxe5 Nd7 42. Bd6 Rf7 43. Nxe4 Be6 44. Qd2 Bd5 45. Qa5 Nf8 46. Qxa7 1-0

[Event "VI Open Inverno Vomero"]
[Site "Napoli ITA"]
[Date "2011.01.21"]
[Round "2"]
[White "Lombardo, Claudio"]
[Black "Chiummo, Sergio"]
[Result "1/2-1/2"]
[WhiteElo "1772"]
[BlackElo "1937"]
[PlyCount "40"]
[EventDate "2011.01.14"]

1. d4 Nf6 2. c4 e6 3. Nc3 Bb4 4. Bd2 c5 5. dxc5 Nc6 6. Nf3 Bxc5 7. e3 O-O 8.
Be2 d5 9. O-O h6 10. a3 b6 11. Rc1 d4 12. exd4 Bxd4 13. Nxd4 Nxd4 14. Be3 Nf5
15. Bf4 Qe7 16. Qd3 Rd8 17. Qh3 e5 18. Be3 Nd4 19. Qg3 Nf5 20. Qh3 Nd4 1/2-1/2

[Event "VI Open Inverno Vomero"]
[Site "Napoli ITA"]
[Date "2011.01.21"]
[Round "2"]
[White "De Meo, Guido"]
[Black "Miccoli, Livio"]
[Result "1/2-1/2"]
[WhiteElo "1851"]
[BlackElo "1678"]
[PlyCount "130"]
[EventDate "2011.01.14"]

1. d4 Nf6 2. c4 g6 3. g3 Bg7 4. Bg2 O-O 5. e4 d6 6. Ne2 c5 7. O-O Nc6 8. d5 Ne5
9. Qc2 a6 10. f4 Ned7 11. Nbc3 Rb8 12. a4 Nb6 13. b3 Qc7 14. Bd2 Bd7 15. Rae1
Nc8 16. e5 dxe5 17. fxe5 Ng4 18. e6 fxe6 19. Rxf8+ Kxf8 20. Rf1+ Kg8 21. dxe6
Bxe6 22. Nd5 Qd6 23. h3 Nh6 24. Bf4 Be5 25. Bxh6 Nb6 26. Nef4 Bf5 27. Qe2 Bd4+
28. Kh2 e5 29. Nxb6 Qxb6 30. Bd5+ Kh8 31. Nd3 Qxb3 32. Nxe5 Qxa4 33. Nf7+ Kg8
34. Nd6+ Kh8 35. Nxf5 gxf5 36. Rxf5 Re8 37. Rf8+ Rxf8 38. Bxf8 Qd7 39. Qe6 Qxe6
40. Bxe6 b5 41. cxb5 axb5 42. Kg2 c4 43. Kf3 Bb2 44. Ke2 Bc3 45. Kd1 Bd4 46.
Ke2 Be5 47. g4 h5 48. gxh5 Kh7 49. Bd7 b4 50. Bxb4 Kh6 51. Be8 Bf6 52. Bd2+ Kg7
53. h6+ Kh7 54. Bf7 Bd4 55. Bxc4 Bf6 56. Kd3 Be7 57. Ke4 Bf8 58. Kf5 Bxh6 59.
Bc3 Bc1 60. Bf6 Kh6 61. Be5 Kh5 62. Bf6 Be3 63. Be2+ Kh6 64. Be5 Bd2 65. Bf4+
Bxf4 1/2-1/2

[Event "VI Open Inverno Vomero"]
[Site "Napoli ITA"]
[Date "2011.01.21"]
[Round "2"]
[White "Russo Spena, Vincenzo"]
[Black "Improta, Giovanni"]
[Result "0-1"]
[WhiteElo "1409"]
[BlackElo "1859"]
[PlyCount "102"]
[EventDate "2011.01.14"]

1. d4 Nf6 2. Nf3 d5 3. e3 Bg4 4. Nbd2 e6 5. b3 Bb4 6. Bd3 O-O 7. O-O Nbd7 8. a3
Bc3 9. Rb1 e5 10. dxe5 Nxe5 11. Be2 Nxf3+ 12. Bxf3 Bf5 13. Bb2 Bxb2 14. Rxb2
Qd6 15. b4 Qe5 16. Ra2 Rad8 17. Qa1 Qe6 18. Re1 Ne4 19. Nb3 Qg6 20. Bxe4 Bxe4
21. f3 Bxf3 22. g3 Be4 23. c3 Qg4 24. Nc5 b6 25. Nxe4 dxe4 26. Rf2 Rd3 27. Rf4
Qe6 28. Qc1 Qc4 29. Rf2 Rxc3 30. Qb2 Qb3 31. Qxb3 Rxb3 32. Ra2 Rd8 33. Kf2 Rdd3
34. Rc2 Rbc3 35. Ra2 f5 36. h4 h5 37. b5 Kf7 38. a4 Ra3 39. Rc2 Rdc3 40. Rd2
Rxa4 41. Rd7+ Kg6 42. Red1 Ra2+ 43. R1d2 Rcc2 44. Ke2 Rxd2+ 45. Rxd2 Rxd2+ 46.
Kxd2 Kf6 47. Kc3 Ke5 48. Kc4 c6 49. Kc3 Kd5 50. Kb4 c5+ 51. Ka4 Kc4 0-1

[Event "VI Open Inverno Vomero"]
[Site "Napoli ITA"]
[Date "2011.01.21"]
[Round "2"]
[White "Vannini, Aldo"]
[Black "Morace, Vitaliano"]
[Result "1-0"]
[WhiteElo "1808"]
[BlackElo "1607"]
[PlyCount "107"]
[EventDate "2011.01.14"]

1. d4 d5 2. Bf4 e6 3. e3 Nf6 4. Bd3 c5 5. c3 Nc6 6. h3 Bd6 7. Bxd6 Qxd6 8. Nf3
c4 9. Bc2 O-O 10. Nbd2 e5 11. dxe5 Nxe5 12. Nxe5 Qxe5 13. Nf3 Qe7 14. O-O h6
15. Qd4 Be6 16. Qh4 Rfe8 17. Rfd1 Rad8 18. Nd4 Nd7 19. Qg3 Nc5 20. b4 cxb3 21.
axb3 a6 22. Qf4 Qg5 23. Qxg5 hxg5 24. b4 Ne4 25. Bxe4 dxe4 26. Nxe6 fxe6 27.
Rd4 Rxd4 28. exd4 Kf7 29. Kf1 Kf6 30. Ke2 Rc8 31. Kd2 Rd8 32. Ke3 e5 33. Kxe4
exd4 34. cxd4 Re8+ 35. Kd3 Re6 36. Rc1 Rb6 37. Rc4 Ke6 38. Ke4 Rb5 39. Kd3 Kd5
40. f3 a5 41. bxa5 Rxa5 42. Rb4 b5 43. Ke2 Kc6 44. Ke3 Ra4 45. Rb2 b4 46. Ke4
Kd6 47. g3 g6 48. f4 gxf4 49. gxf4 Ra1 50. Rxb4 Re1+ 51. Kf3 Rf1+ 52. Ke3 Re1+
53. Kf2 Re8 54. Kf3 1-0

[Event "VI Open Inverno Vomero"]
[Site "Napoli ITA"]
[Date "2011.01.21"]
[Round "2"]
[White "Di Gennaro, Antonio"]
[Black "Avolio, Giovanni"]
[Result "1/2-1/2"]
[WhiteElo "1659"]
[BlackElo "1808"]
[PlyCount "87"]
[EventDate "2011.01.14"]

1. e4 d6 2. d4 Nf6 3. Nc3 g6 4. Be3 Bg7 5. Qd2 Ng4 6. Bg5 h6 7. Bh4 Nd7 8. h3
Ngf6 9. f4 Nb6 10. Nf3 c6 11. Bd3 Qc7 12. Bg3 O-O 13. O-O Bd7 14. Bh2 c5 15. d5
c4 16. Be2 Na4 17. Nxa4 Bxa4 18. e5 Qc5+ 19. Kh1 dxe5 20. fxe5 Ne4 21. Qd4 Qxd4
22. Nxd4 Bd7 23. Rad1 c3 24. b3 Rac8 25. Nf3 Rc5 26. Rd4 Ng5 27. b4 Rcc8 28.
Rdd1 Bf5 29. Bd3 Bxd3 30. Rxd3 Rc4 31. Nxg5 hxg5 32. a3 Rd8 33. d6 exd6 34.
exd6 Rd7 35. Re1 Bf6 36. Be5 Kg7 37. Bg3 g4 38. Be5 gxh3 39. Bxf6+ Kxf6 40.
Rf1+ Kg7 41. gxh3 a6 42. Re1 Kf8 43. Kh2 b5 44. Red1 1/2-1/2

[Event "VI Open Inverno Vomero"]
[Site "Napoli ITA"]
[Date "2011.01.28"]
[Round "3"]
[White "Schiappoli, Dario"]
[Black "Rosato, Luciano"]
[Result "0-1"]
[WhiteElo "1947"]
[BlackElo "2278"]
[PlyCount "66"]
[EventDate "2011.01.14"]

1. e4 g6 2. d4 Bg7 3. Nc3 d6 4. Bc4 Nc6 5. Be3 Nf6 6. f3 a6 7. Qd2 Na5 8. Bd3
b5 9. Bh6 Bxh6 10. Qxh6 e5 11. dxe5 dxe5 12. O-O-O Qe7 13. Nd5 Nxd5 14. exd5
Bb7 15. Qd2 Nc4 16. Bxc4 bxc4 17. Ne2 O-O 18. h4 Rfd8 19. Nc3 Rab8 20. h5 g5
21. g3 Rd6 22. Qe2 c6 23. Qxc4 cxd5 24. Nxd5 Qd8 25. Nc3 Bxf3 26. Rxd6 Qxd6 27.
Rf1 g4 28. Ne4 Qb6 29. b3 Qe3+ 30. Nd2 Rd8 31. Rxf3 Qxd2+ 32. Kb2 gxf3 33. Qg4+
Kf8 0-1